Historische und gesellschaftliche Fakten - Statistiken

Allgemein
  • Dieses Quiz wurde 951 mal gespielt
    929 seit der letzten Aktualisierung
  • Das Durchschnittsergebnis liegt bei 4 aus 14
Antwortstatistiken
Frage Antwort % Korrekt
Was passierte dem 29 Jährigen Tsutomu Yamaguchi im Jahre 1945? Er überlebt die beiden Atombomben-Abwürfe in Hiroshima und Nagasaki.
69%
Der Anglo-Sansibar-Krieg (1896) war der kürzeste Krieg aller Zeiten. Wie lange dauerte er? 38 Minuten
66%
Welches historische Ereignis fand am 3. April 1973 in NYC statt? Der erste Handyanruf wurde getätigt.
46%
Bei wie vielen Jahren liegt das Durchschnittsalter der Weltbevölkerung (Stand 2019) 30
37%
Die Nationalflagge mit den meisten Farben ist Belize. Wie viele Farben hat die Flagge? 12
36%
In welchem Kontext wurde Ketchup in den 1830er Jahren verkauft? Als Medikament gegen u.a. Durchfall.
36%
Wie lange dauert es etwa, um die gesamte Chinesische Mauer entlangzulaufen. (Sie ist über 5.000 Meilen lang). 18 Monate
31%
Wie viele Tweets werden weltweit ungefähr pro Sekunde verschickt? 9310
22%
Im Jahr 1908 tanzte der Chef des deutschen Militärkabinetts als Ballerina verkleidet vor Kaiser Wilhelm II. Was passierte während des Auftritts? Der Tänzer fiel tot um.
18%
Warum wird das Bundesland Bayern mit Y statt I geschrieben? Der König liebte die griechische Sprache und wollte Tribut zollen.
17%
Warum wurden 14 Spieler vom FC Schalke 04 1930 gesperrt? Sie verdienten 20 Mark. Erlaubt waren nur 5 Mark.
17%
Welche Zeitschrift landete 1972 auf dem Index? Die Bravo.
16%
Welche Besonderheit gab es bei den Olympischen Spielen von 1912 bis 1948? Es gab Medaillen in den Disziplinen Literatur, Architektur, Bildhauerei, Malerei und Musik.
11%
Nach Schätzungen von Google existierten im Jahr 2010 etwa wie viele Bücher auf der Welt? 130 Millionen
6%
Keine übereinstimmenden Quizze gefunden
Verteilung der Resultate
Anzahl Personen mit jedem Resultat
Perzentil nach korrekt beantworteten Fragen
Ihre Resultats-Entwicklung
Sie haben dieses Quiz seit der letzten Aktualisierung nicht gespielt